The lender's handbook (Record no. 108673)
[ view plain ]
| 000 -LEADER | |
|---|---|
| fixed length control field | 02129cad a22002775a 4500 |
| 001 - CONTROL NUMBER | |
| control field | L145021 |
| 008 - FIXED-LENGTH DATA ELEMENTS--GENERAL INFORMATION | |
| fixed length control field | 080902e20070731xxk f h 000 0 eng d |
| 035 ## - SYSTEM CONTROL NUMBER | |
| System control number | (Sirsi) u145021 |
| 041 0# - LANGUAGE CODE | |
| Language code of text/sound track or separate title | eng |
| 050 04 - LIBRARY OF CONGRESS CALL NUMBER | |
| Classification number | 333.332 $2 18 |
| 110 2# - MAIN ENTRY--CORPORATE NAME | |
| Corporate name or jurisdiction name as entry element | Council of Mortgage Lenders |
| 9 (RLIN) | 5903 |
| 245 04 - TITLE STATEMENT | |
| Title | The lender's handbook |
| Remainder of title | Part 1, England and Wales |
| Medium | [electronic resource] |
| 260 ## - PUBLICATION, DISTRIBUTION, ETC. | |
| Place of publication, distribution, etc. | London |
| Name of publisher, distributor, etc. | CML |
| Date of publication, distribution, etc. | 2007 |
| 505 2# - FORMATTED CONTENTS NOTE | |
| Formatted contents note | General -- Communication -- Safeguards -- Valuation of the property -- Title -- The property -- Other occupiers -- Separate representation -- Indemnity insurance -- The loan and certificate of title -- The documentation -- Instalment mortgages and mortgage advances released in instalments -- Mortgage indemnity insurance or higher lending charge -- After completion -- Legal costs -- Transactions during the life of the mortgage -- Redemption |
| 520 ## - SUMMARY, ETC. | |
| Summary, etc. | Document provides full instructions for conveyancers acting on behalf of lenders in residential conveyancing transactions. The instructions comply with rule 6(3) of the Solicitors' Practice Rules 1990; or the Solicitors' Code of Conduct 2007. Please note, this is the England and Wales version of the handbook and a version has been produced for each jurisdiction. The handbook should be read in conjunction with Part 2 of the handbook, a version of which has been produced for each lender which is a CML member and details their specific instructions. |
| 520 ## - SUMMARY, ETC. | |
| Summary, etc. | Read in conjunction with the CML disclosure of incentives form (L145024) and RICS valuation standards 6th edition: September 2008 amendment (E144841). |
| 520 ## - SUMMARY, ETC. | |
| Summary, etc. | Supersedes the 1999 version of this publication. |
| 521 ## - TARGET AUDIENCE NOTE | |
| Target audience note | Advanced |
| 651 #4 - SUBJECT ADDED ENTRY--GEOGRAPHIC NAME | |
| Geographic name | England and Wales |
| Chronological subdivision | 1543- |
| 690 ## - LOCAL SUBJECT ADDED ENTRY--TOPICAL TERM (OCLC, RLIN) | |
| Topical term or geographic name as entry element | PROPERTY-RESIDENTIAL PROPERTY-RESIDENTIAL PROPERTY FINANCE AND INVESTMENT-MORTGAGING RESIDENTIAL PROPERTY-MORTGAGE VALUATION |
| 710 2# - ADDED ENTRY--CORPORATE NAME | |
| Corporate name or jurisdiction name as entry element | Home Builders Federation |
| 9 (RLIN) | 4896 |
| 710 2# - ADDED ENTRY--CORPORATE NAME | |
| Corporate name or jurisdiction name as entry element | Homes for Scotland |
| 710 2# - ADDED ENTRY--CORPORATE NAME | |
| Corporate name or jurisdiction name as entry element | Royal Institution of Chartered Surveyors |
| 9 (RLIN) | 4900 |
| 856 40 - ELECTRONIC LOCATION AND ACCESS | |
| Uniform Resource Identifier | <a href="https://www.cml.org.uk/handbook/frontpage.aspx">https://www.cml.org.uk/handbook/frontpage.aspx</a> |
| Public note | View the item free of charge at www.cml.org.uk... |
| 942 ## - ADDED ENTRY ELEMENTS (KOHA) | |
| Suppress in OPAC | 0 |
| Withdrawn status | Lost status | Source of classification or shelving scheme | Damaged status | Not for loan | Home library | Current library | Shelving location | Date acquired | Total Checkouts | Full call number | Barcode | Date last seen | Copy number | Price effective from | Koha item type |
|---|---|---|---|---|---|---|---|---|---|---|---|---|---|---|---|
| Dewey Decimal Classification | Virtual | Virtual | Online | 02/09/2008 | ONLINE PUBLICATION | 145021-1001 | 06/08/2019 | 1 | 06/08/2019 | Book |